| 000 | 00863nam a2200253 a 4500 | ||
|---|---|---|---|
| 001 | 65322 | ||
| 003 | BD-RjUL | ||
| 005 | 20211209081417.0 | ||
| 008 | 170301s1978 onca 001 0 eng d | ||
| 020 |
_a077103217X _a0771032188 |
||
| 035 | _a(BD-RjUL)65452 | ||
| 040 |
_aLCI _cLCI _dEQO _dBD-RjUL _beng |
||
| 041 | _aeng | ||
| 082 |
_223 _a971.404092 _bFUD 1978 |
||
| 100 | 1 |
_aFullerton, Douglas H. _9193337 |
|
| 245 | 1 | 4 |
_aThe dangerous delusion : _bQuebec's independence obsession / _cas seen by Douglas H. Fullerton. |
| 260 |
_aToronto : _bMcClelland and Stewart, _cc1978. |
||
| 300 |
_a240 p. ; _c24 cm. |
||
| 504 | _aIncludes bibliographical references and index. | ||
| 600 | 1 | 0 |
_aFullerton, Douglas H. _9193341 |
| 651 | 0 |
_aQuébec (Province) _xPolitics and government _y1960- _9193338 |
|
| 651 | 0 |
_aCanada _xPolitics and government. _9193339 |
|
| 942 |
_2ddc _cBK |
||
| 999 |
_c65322 _d65322 |
||